Detalles MARC
| 000 -LEADER |
| longitud fija campo de control |
02037nam a22004817a 4500 |
| 003 - IDENTIFICADOR DE NUMERO DE CONTROL |
| control del campo |
AR-RoUNA |
| 005 - FECHA DE LA ULTIMA MODIFICACION |
| control del campo |
20260422110451.0 |
| 008 - CAMPO DE CONTROL - LIBROS |
| longitud fija campo de control |
260422b |||||||| |||| 00| 0 spa d |
| 040 ## - ORIGEN DE LA CATALOGACION |
| Agencia que cataloga la obra original |
AR-RoUNA |
| Idioma en que se cataloga |
spa |
| Entidad que modifico el registro |
AR-RoUNA |
| 041 ## - CODIGO DE IDIOMA |
| Codigo de idioma del texto / sonido o titulo separado |
spa |
| 044 ## - CODIGO DE PAIS / ENTIDAD PRODUCTORA |
| Codigo MARC del pais |
ag |
| 110 2# - ASIENTO PRINCIPAL - AUTOR INSTITUCIONAL |
| Nombre corporativo o de jurisdiccion como elemento de entrada |
España. Ayuntamiento de Barcelona. |
| Unidad subordinada |
Ámbito de Descentralización y Relaciones Ciudadanas. Dirección de servicios de Participación. |
| 9 (RLIN) |
27694 |
| 245 10 - TITULO PROPIAMENTE DICHO |
| Titulo |
Orgnización territorial y participación ciudadana en Barcelona. |
| 260 ## - EDITORIAL - PUBLICACION, DISTRIBUCION, ETC. (Pie de imprenta) |
| Lugar de publicacion, distribucion, etc |
Barcelona (España): |
| Nombre del editor, distribuidor, etc |
ayuntamiento de Barcelona, |
| Fecha de publicacion |
1993. |
| 300 ## - DESCRIPCION FISICA |
| Extension |
137 p. : |
| Otros detalles fisicos |
tablas, |
| Dimensiones |
30x21 cm |
| 505 0# - NOTA DE CONTENIDO CON FORMATO |
| Título |
INDICE |
| 505 0# - NOTA DE CONTENIDO CON FORMATO |
| Título |
1. Del Consejo de Cien a los Consejos de Distrito : un poco de historia. p. 3 |
| 505 0# - NOTA DE CONTENIDO CON FORMATO |
| Título |
2. Los objetivos de la descentralización. p. 15 |
| 505 0# - NOTA DE CONTENIDO CON FORMATO |
| Título |
3. Hacia una nueva división territorial del a Ciudad. p. 15. |
| 505 0# - NOTA DE CONTENIDO CON FORMATO |
| Título |
4. El modelo de la descentralización en Barcelona. 23 |
| 505 0# - NOTA DE CONTENIDO CON FORMATO |
| Título |
5. La organización política del Distrito. p. 24 |
| 505 0# - NOTA DE CONTENIDO CON FORMATO |
| Título |
6. La organización administrativa del Distrito. p. 25. |
| 505 0# - NOTA DE CONTENIDO CON FORMATO |
| Título |
7. La descentralización territorial de funciones: las transferencias.p. 27 |
| 505 0# - NOTA DE CONTENIDO CON FORMATO |
| Título |
8. Los recursos |
| 505 0# - NOTA DE CONTENIDO CON FORMATO |
| Título principal |
8.1. El Personal. p. 32 |
| 505 0# - NOTA DE CONTENIDO CON FORMATO |
| Título principal |
8.2.El presupuesto. p. 37 |
| 505 0# - NOTA DE CONTENIDO CON FORMATO |
| Título principal |
Ciudad Vella y Eiaxmple. p. 38 |
| 505 0# - NOTA DE CONTENIDO CON FORMATO |
| Título principal |
Sants- Montjuic y Les Corts. p. 39 |
| 505 0# - NOTA DE CONTENIDO CON FORMATO |
| Título principal |
Sarrià-Sant Gervasi y Gràcia. p. 40 |
| 505 0# - NOTA DE CONTENIDO CON FORMATO |
| Título principal |
Horta-Guinardó y Nou Barris. p. 41 |
| 505 0# - NOTA DE CONTENIDO CON FORMATO |
| Título principal |
Sant Andreu y Sant Martí. p. 42 |
| 505 0# - NOTA DE CONTENIDO CON FORMATO |
| Título |
9. La coordinación municipal de las funciones y de los servicios descentralizados. p. 48 |
| 505 0# - NOTA DE CONTENIDO CON FORMATO |
| Título |
10. La participación Ciudadana. p. 50 |
| 650 #4 - MATERIA - TERMINO TEMATICO |
| Término temático general |
Urbanismo |
| 650 #4 - MATERIA - TERMINO TEMATICO |
| Término temático general |
Descentralización |
| 651 #4 - MATERIA - NOMBRE GEOGRAFICO |
| Termino geografico |
Barcelona (España) |
| 9 (RLIN) |
84 |
| 651 #4 - MATERIA - NOMBRE GEOGRAFICO |
| Termino geografico |
Planificación territorial |
| 9 (RLIN) |
27695 |
| 653 ## - MATERIA - PALABRAS CLAVES |
| Palabras claves |
Participación urbana |
| 908 ## - SOPORTE |
| Soporte |
Imp |
| 942 ## - FUENTE DE CLASIFICACION |
| Clasificacion |
Universal Decimal Classification |
| Tipo de item |
Libro |
| 945 ## - INFORMACION DE PROCESAMIENTO |
| Fecha de ingreso o modificacion |
2026-04-22 |
| 980 ## - DECLARACIÓN DE EQUIVALENCIA O SERIE DE REFERENCIA CRUZADA - NOMBRE / TÍTULO PERSONAL [LOCAL, CANADÁ] |
| Código del operador |
5 |
| Nombre del operador |
María Machado |
| Código del operador que modifico el registro |
5 |
| Nombre del operador que modifico el registro |
María Machado |